Govt. of
Madhya Pradesh

SSC General Awareness Solved Papers 14300+ (Record no. 66111)

MARC details
000 -LEADER
fixed length control field 00276nam a22001097a 4500
082 ## - DEWEY DECIMAL CLASSIFICATION NUMBER
Classification number 001
100 ## - MAIN ENTRY--AUTHOR NAME
Personal name Kiran Pub.
245 ## - TITLE STATEMENT
Title SSC General Awareness Solved Papers 14300+
260 ## - PUBLICATION, DISTRIBUTION, ETC. (IMPRINT)
Place of publication Delhi
Name of publisher Kiran Publication
Year of publication 2023
650 ## - SUBJECT ADDED ENTRY--TOPICAL TERM
Topical Term General Awareness
942 ## - ADDED ENTRY ELEMENTS (KOHA)
Koha item type Books
Holdings
Withdrawn status Lost status Damaged status Not for loan Home library Current library Date acquired Cost, normal purchase price Full call number Accession Number Price effective from Koha item type
        MACL MACL 20/10/2023 725.00 001 DPI001383 20/10/2023 Books
        MACL MACL 20/10/2023 725.00 001 DPI001382 20/10/2023 Books